| 000 | 00425cam a2200169ua 4500 | ||
|---|---|---|---|
| 020 | _c3.00 | ||
| 041 |
_amal _h |
||
| 082 |
_a894.812308 _bDAM/AD |
||
| 100 | _aDamodaran, Ponkunnam. | ||
| 245 |
_aAdarsham teechoolayanu / _cPonkunnam Damodaran. _hTextual Documents |
||
| 260 |
_aChampakulam : _bB.K.M Book Depot , _c1963. |
||
| 300 | _a263 ; . | ||
| 365 | _a3.00 | ||
| 504 | _a | ||
| 942 | _cBK | ||
| 999 |
_c6090 _d6090 |
||